[Event "CAN-ch University"]
[Site "London CAN"]
[Date "2017.01.15"]
[Round "5"]
[White "Lin, Tony (Juntao)"]
[Black "Mai, Lloyd"]
[Result "1/2-1/2"]
[WhiteElo "2255"]
[BlackElo "2353"]
[WhiteFideId "-1"]
[WhiteFideId "-1"]
[PlyCount "24"]
[GameId "2160767908478865"]
[EventDate "2017.01.14"]
[EventType "team"]
[EventRounds "5"]
[EventCountry "CAN"]

1. d4 Nf6 2. c4 g6 3. Nc3 Bg7 4. e4 d6 5. f3 O-O 6. Be3 Na6 7. Nge2 e5 8. Qd2 c6 9. d5 c5 10. g4 Ne8 11. h4 f5 12. g5 f4 1/2-1/2

[Event "CAN-op"]
[Site "Sault Ste Marie CAN"]
[Date "2017.07.08"]
[Round "1"]
[White "Dougherty, Michael"]
[Black "Lenderman, Aleksandr"]
[Result "0-1"]
[WhiteElo "2204"]
[BlackElo "2585"]
[WhiteFideId "-1"]
[WhiteFideId "-1"]
[PlyCount "44"]
[GameId "2160767908347885"]
[EventDate "2017.07.08"]
[EventType "swiss"]
[EventRounds "9"]
[EventCountry "CAN"]
[SourceTitle "EXT 2018"]
[Source "ChessBase"]
[SourceDate "2017.10.13"]
[SourceVersion "1"]
[SourceVersionDate "2017.10.13"]
[SourceQuality "1"]

1. d4 Nf6 2. c4 e6 3. Nc3 Bb4 4. Nf3 b6 5. g3 Bxc3+ 6. bxc3 Bb7 7. Bg2 O-O 8. O-O d6 9. Nh4 Bxg2 10. Nxg2 Qc8 11. f3 Qa6 12. Qb3 Nc6 13. e4 Na5 14. Qb5 Qxb5 15. cxb5 a6 16. a4 Nc4 17. Bg5 Nd7 18. Ne3 axb5 19. axb5 Na3 20. e5 Nxb5 21. exd6 f6 22. c4 Nxd4 0-1

[Event "CAN-op"]
[Site "Sault Ste Marie CAN"]
[Date "2017.07.08"]
[Round "1"]
[White "Perez Garcia, Rodney Oscar"]
[Black "Zhang, Henry"]
[Result "1-0"]
[WhiteElo "2299"]
[BlackElo "1914"]
[WhiteFideId "-1"]
[WhiteFideId "-1"]
[PlyCount "93"]
[GameId "2160767908347886"]
[EventDate "2017.07.08"]
[EventType "swiss"]
[EventRounds "9"]
[EventCountry "CAN"]
[SourceTitle "EXT 2018"]
[Source "ChessBase"]
[SourceDate "2017.10.13"]
[SourceVersion "1"]
[SourceVersionDate "2017.10.13"]
[SourceQuality "1"]

1. e4 c5 2. Nf3 e6 3. c3 Nf6 4. e5 Nd5 5. d4 cxd4 6. Qxd4 Nc6 7. Qe4 Qc7 8. Bc4 Nde7 9. Bf4 Ng6 10. Bg3 a6 11. Nbd2 d5 12. exd6 Bxd6 13. Bd3 Nf4 14. Bxf4 Bxf4 15. g3 Bxd2+ 16. Nxd2 Ne5 17. Be2 Bd7 18. O-O Bc6 19. Qe3 O-O 20. Nf3 Bxf3 21. Bxf3 Nxf3+ 22. Qxf3 Rfd8 23. Rfd1 h6 24. Rxd8+ Rxd8 25. Rd1 Rd7 26. Rxd7 Qxd7 27. a4 Qxa4 28. Qxb7 Qd1+ 29. Kg2 Qe2 30. h3 Qb5 31. Qxb5 axb5 32. Kf3 Kf8 33. Ke4 Ke7 34. Kd4 Kd6 35. f4 f6 36. c4 bxc4 37. Kxc4 g6 38. b4 Kc6 39. b5+ Kb6 40. Kb4 h5 41. Kc4 g5 42. fxg5 fxg5 43. Kd4 Kxb5 44. Ke5 h4 45. g4 Kc4 46. Kxe6 Kd4 47. Kf5 1-0

[Event "CAN-op"]
[Site "Sault Ste Marie CAN"]
[Date "2017.07.08"]
[Round "1.1"]
[White "Vovk, Andrey"]
[Black "Hua, Eugene"]
[Result "1-0"]
[WhiteElo "2630"]
[BlackElo "2251"]
[WhiteFideId "-1"]
[WhiteFideId "-1"]
[PlyCount "57"]
[GameId "2160767908347887"]
[EventDate "2017.07.08"]
[EventType "swiss"]
[EventRounds "9"]
[EventCountry "CAN"]
[SourceTitle "hb 2017"]

1. e4 c5 2. Nf3 e6 3. d4 cxd4 4. Nxd4 Nc6 5. Nc3 Qc7 6. Be3 a6 7. Qd2 Nf6 8. O-O-O Bb4 9. f3 O-O 10. a3 Be7 11. g4 b5 12. g5 Nh5 13. Nxc6 dxc6 14. f4 Rd8 15. Qf2 Rxd1+ 16. Nxd1 e5 17. f5 Nf4 18. Rg1 g6 19. h4 gxf5 20. Bxf4 exf4 21. Bd3 Qe5 22. Re1 Qc5 23. Qxf4 Qd6 24. e5 Qg6 25. Ne3 h6 26. Bxf5 hxg5 27. Qg4 Bxf5 28. Nxf5 Bd8 29. Rd1 1-0

[Event "CAN-op"]
[Site "Sault Ste Marie CAN"]
[Date "2017.07.08"]
[Round "1.6"]
[White "Munro, Allan"]
[Black "Cherniaev, Alexander"]
[Result "0-1"]
[WhiteElo "2083"]
[BlackElo "2426"]
[WhiteFideId "-1"]
[WhiteFideId "-1"]
[PlyCount "116"]
[GameId "2160767908347891"]
[EventDate "2017.07.08"]
[EventType "swiss"]
[EventRounds "9"]
[EventCountry "CAN"]
[SourceTitle "hb 2017"]

1. e4 d6 2. d4 Nf6 3. Nc3 c6 4. f4 Qa5 5. Bd3 e5 6. Nf3 Nbd7 7. O-O Be7 8. Kh1 O-O 9. Qe1 Qc7 10. dxe5 dxe5 11. fxe5 Ng4 12. Qg3 Ngxe5 13. Nxe5 Qxe5 14. Bf4 Qh5 15. e5 Nc5 16. Ne4 Nxe4 17. Bxe4 Bf5 18. Bxf5 Qxf5 19. Qb3 b6 20. Rf3 Rad8 21. Raf1 Qe4 22. Bg3 Qg6 23. R3f2 Rd5 24. Qf3 Qe6 25. c4 Rd7 26. b3 Bc5 27. Re2 Rfd8 28. Bh4 Re8 29. h3 Bf8 30. Qg3 Qg6 31. Qxg6 hxg6 32. g4 Bb4 33. Kg2 Bc3 34. e6 Rxe6 35. Rxe6 fxe6 36. Bg5 a6 37. Kf2 b5 38. cxb5 axb5 39. Ke2 Ra7 40. Kd3 Bb4 41. Rf2 Rd7+ 42. Ke4 Ba3 43. Be3 c5 44. Ke5 c4 45. bxc4 bxc4 46. Rc2 Rc7 47. Bd2 c3 48. Bxc3 Rc4 49. Kxe6 Bb4 50. a4 Rxc3 51. Rxc3 Bxc3 52. h4 Bb4 53. h5 gxh5 54. gxh5 Kh7 55. Kf5 Kh6 56. Kg4 Ba5 57. Kh4 Bb6 58. Kg4 Bd8 0-1

[Event "CAN-op"]
[Site "Sault Ste Marie CAN"]
[Date "2017.07.08"]
[Round "1.9"]
[White "Tarjan, James"]
[Black "Sundar, Avinaash"]
[Result "1/2-1/2"]
[WhiteElo "2408"]
[BlackElo "2073"]
[WhiteFideId "-1"]
[WhiteFideId "-1"]
[PlyCount "72"]
[GameId "2160767908347894"]
[EventDate "2017.07.08"]
[EventType "swiss"]
[EventRounds "9"]
[EventCountry "CAN"]
[SourceTitle "hb 2017"]

1. c4 Nf6 2. g3 e5 3. Bg2 d5 4. cxd5 Nxd5 5. Nc3 Be6 6. Nf3 Nc6 7. O-O Be7 8. d4 exd4 9. Nb5 O-O 10. Nbxd4 Nxd4 11. Nxd4 Bc8 12. Qb3 c5 13. Bxd5 cxd4 14. e3 Bc5 15. exd4 Bxd4 16. Be3 Bxb2 17. Rad1 Qf6 18. Rd2 Be5 19. Bc5 Re8 20. Rc1 h6 21. Be3 a6 22. a4 a5 23. Qb5 Bh3 24. Bxb7 Rab8 25. Ba7 Rxb7 26. Qxb7 Bc3 27. Rdd1 Bg4 28. Rd3 Bb4 29. Qd5 Qb2 30. Rf1 Bh3 31. Rdd1 Bxf1 32. Kxf1 Qc2 33. Qd7 Qe4 34. Kg1 Re7 35. Qd8+ Kh7 36. Be3 Qe6 1/2-1/2

[Event "CAN-op"]
[Site "Sault Ste Marie CAN"]
[Date "2017.07.08"]
[Round "1.10"]
[White "Mills, Morgon"]
[Black "Mulyar, Michael"]
[Result "0-1"]
[WhiteElo "2011"]
[BlackElo "2395"]
[WhiteFideId "-1"]
[WhiteFideId "-1"]
[PlyCount "88"]
[GameId "2160767908347895"]
[EventDate "2017.07.08"]
[EventType "swiss"]
[EventRounds "9"]
[EventCountry "CAN"]
[SourceTitle "hb 2017"]

1. e4 e5 2. Nf3 Nc6 3. Bb5 a6 4. Ba4 Nf6 5. O-O b5 6. Bb3 Bc5 7. c3 d6 8. d4 Bb6 9. h3 O-O 10. a4 Bb7 11. Re1 h6 12. Na3 exd4 13. cxd4 Re8 14. d5 Ne5 15. axb5 axb5 16. Nd4 b4 17. Nac2 Rxa1 18. Nxa1 Ng6 19. Nc6 Qa8 20. Nc2 Bxc6 21. dxc6 Qxc6 22. Nxb4 Bxf2+ 23. Kxf2 Qc5+ 24. Kf1 Qxb4 25. Qf3 Ne5 26. Qc3 Qxc3 27. bxc3 Nd3 28. Rd1 Nxc1 29. Rxc1 Nxe4 30. Bd5 Re5 31. c4 Nf6 32. Bf3 Rc5 33. Ke2 Nd7 34. Kd2 Nb6 35. Be2 d5 36. cxd5 Rxc1 37. Kxc1 Nxd5 38. g3 Kf8 39. Kd2 Ke7 40. Kd3 Kd6 41. h4 Ke5 42. Bh5 f5 43. Bf3 Nf6 44. Kc4 Ne4 0-1

[Event "CAN-op"]
[Site "Sault Ste Marie CAN"]
[Date "2017.07.08"]
[Round "1.11"]
[White "Ragnarsson, Dagur"]
[Black "Doubleday, William"]
[Result "1-0"]
[WhiteElo "2355"]
[BlackElo "1950"]
[WhiteFideId "-1"]
[WhiteFideId "-1"]
[PlyCount "99"]
[GameId "2160767908347896"]
[EventDate "2017.07.08"]
[EventType "swiss"]
[EventRounds "9"]
[EventCountry "CAN"]
[SourceTitle "hb 2017"]

1. d4 d5 2. c4 c6 3. Nf3 e6 4. Nc3 Nf6 5. Bg5 h6 6. Bxf6 Qxf6 7. e3 Nd7 8. Bd3 dxc4 9. Bxc4 Bd6 10. O-O O-O 11. Re1 Qe7 12. e4 e5 13. d5 Nb6 14. Bb3 Bd7 15. Re3 Rac8 16. dxc6 Bxc6 17. Nh4 Qxh4 18. Qxd6 Rce8 19. Rg3 Kh7 20. a4 Qe7 21. Qxe7 Rxe7 22. a5 Nc8 23. Rd3 Kg8 24. h4 Rfe8 25. g4 Kf8 26. f3 Rc7 27. Kf2 Ne7 28. h5 Rec8 29. Rg1 Rd7 30. Ke3 Rcd8 31. Rxd7 Rxd7 32. g5 hxg5 33. Rxg5 f6 34. Rg2 Rd6 35. Rh2 Ng8 36. Bd5 Bxd5 37. exd5 f5 38. f4 e4 39. Kd4 Nf6 40. h6 gxh6 41. Rxh6 Ke7 42. Rh1 b5 43. b4 a6 44. Ke5 e3 45. Rg1 Ne8 46. Kxf5 Rd8 47. Ke5 Rc8 48. d6+ Nxd6 49. Nd5+ Kd7 50. Rg7+ 1-0

[Event "CAN-op"]
[Site "Sault Ste Marie CAN"]
[Date "2017.07.08"]
[Round "1.14"]
[White "Fradkin, Benjamin"]
[Black "Plotkin, Victor"]
[Result "1/2-1/2"]
[WhiteElo "1868"]
[BlackElo "2265"]
[WhiteFideId "-1"]
[WhiteFideId "-1"]
[PlyCount "93"]
[GameId "2160767908347898"]
[EventDate "2017.07.08"]
[EventType "swiss"]
[EventRounds "9"]
[EventCountry "CAN"]
[SourceTitle "hb 2017"]

1. d4 d5 2. Nf3 Nf6 3. Bf4 e6 4. e3 Be7 5. Bd3 O-O 6. h3 c5 7. c3 b6 8. Nbd2 Bb7 9. O-O Ne4 10. Rc1 Nd7 11. Ne5 f5 12. f3 Nxd2 13. Qxd2 Bf6 14. Nxd7 Qxd7 15. Qf2 g5 16. Qg3 Qg7 17. Bd6 Rfc8 18. Be5 Bxe5 19. Qxe5 Qxe5 20. dxe5 f4 21. exf4 gxf4 22. Kf2 Rc7 23. Rg1 Rg7 24. g4 Rd8 25. Rge1 Bc6 26. b4 Rgd7 27. bxc5 bxc5 28. Rb1 Kg7 29. Bb5 Rc8 30. Ba6 Rcc7 31. Red1 Rd8 32. Rd2 Rh8 33. h4 h5 34. g5 Be8 35. Rdb2 Bg6 36. Rb7 Rhc8 37. Rxc7+ Rxc7 38. Rb7 Rxb7 39. Bxb7 Bf7 40. c4 d4 41. Ke2 Bg6 42. Be4 Bxe4 43. fxe4 Kf7 44. Kf2 d3 45. Kf3 a5 46. a4 Ke7 47. Kf2 1/2-1/2

[Event "CAN-op"]
[Site "Sault Ste Marie CAN"]
[Date "2017.07.09"]
[Round "2"]
[White "Aryan, Chopra"]
[Black "Shen, Christopher"]
[Result "1-0"]
[WhiteElo "2491"]
[BlackElo "2165"]
[WhiteFideId "-1"]
[WhiteFideId "-1"]
[PlyCount "93"]
[GameId "2160767908347899"]
[EventDate "2017.07.08"]
[EventType "swiss"]
[EventRounds "9"]
[EventCountry "CAN"]
[SourceTitle "EXT 2018"]
[Source "ChessBase"]
[SourceDate "2017.10.13"]
[SourceVersion "1"]
[SourceVersionDate "2017.10.13"]
[SourceQuality "1"]

1. e4 e6 2. d4 d5 3. Nc3 Nf6 4. e5 Nfd7 5. f4 c5 6. Nf3 Nc6 7. Be3 Be7 8. Qd2 O-O 9. dxc5 Bxc5 10. O-O-O Qa5 11. a3 Rb8 12. Nb5 Qxd2+ 13. Kxd2 a6 14. Nbd4 Nxd4 15. Nxd4 Re8 16. Bd3 f6 17. Nf3 Bxe3+ 18. Kxe3 Nc5 19. g4 Bd7 20. exf6 gxf6 21. g5 e5 22. gxf6 e4 23. Ne5 Rxe5 24. Rhg1+ Kf8 25. fxe5 exd3 26. cxd3 Ne6 27. d4 Kf7 28. Rg4 Rg8 29. Rh4 Nf8 30. Rc1 Bc6 31. b4 Rh8 32. Kf3 h5 33. Rh3 h4 34. Ke3 Ne6 35. Rg1 Bd7 36. Rg4 Nxd4 37. Rg7+ Ke8 38. Re7+ Kd8 39. Rxd7+ Kxd7 40. Kxd4 Ke6 41. Rf3 Rf8 42. f7 Rxf7 43. Rxf7 Kxf7 44. Kxd5 Ke7 45. h3 b5 46. e6 Ke8 47. Kc6 1-0

[Event "CAN-op"]
[Site "Sault Ste Marie CAN"]
[Date "2017.07.09"]
[Round "2"]
[White "Cherniaev, Alexander"]
[Black "Perez Garcia, Rodney Oscar"]
[Result "1-0"]
[WhiteElo "2426"]
[BlackElo "2299"]
[WhiteFideId "-1"]
[WhiteFideId "-1"]
[PlyCount "61"]
[GameId "2160767908347900"]
[EventDate "2017.07.08"]
[EventType "swiss"]
[EventRounds "9"]
[EventCountry "CAN"]
[SourceTitle "EXT 2018"]
[Source "ChessBase"]
[SourceDate "2017.10.13"]
[SourceVersion "1"]
[SourceVersionDate "2017.10.13"]
[SourceQuality "1"]

1. c4 c6 2. e4 d5 3. exd5 cxd5 4. cxd5 Nf6 5. Nc3 Nxd5 6. Nf3 e6 7. d4 Be7 8. Bd3 Nc6 9. O-O O-O 10. a3 Nf6 11. Bc2 b6 12. Qd3 Bb7 13. Bg5 g6 14. Rad1 Rc8 15. Rfe1 Nd5 16. Bh6 Re8 17. Ba4 Nxc3 18. bxc3 Bxa3 19. Qe3 Bf8 20. c4 Bxh6 21. Qxh6 f6 22. d5 exd5 23. Rxe8+ Qxe8 24. cxd5 Qe4 25. Bxc6 Bxc6 26. dxc6 Qxc6 27. h4 a5 28. h5 Qc2 29. Re1 a4 30. hxg6 Qxg6 31. Qe3 1-0

[Event "CAN-op"]
[Site "Sault Ste Marie CAN"]
[Date "2017.07.09"]
[Round "2"]
[White "Doubleday, William"]
[Black "Dougherty, Michael"]
[Result "0-1"]
[WhiteElo "1950"]
[BlackElo "2204"]
[WhiteFideId "-1"]
[WhiteFideId "-1"]
[PlyCount "63"]
[GameId "2160767908347901"]
[EventDate "2017.07.08"]
[EventType "swiss"]
[EventRounds "9"]
[EventCountry "CAN"]
[SourceTitle "EXT 2018"]
[Source "ChessBase"]
[SourceDate "2017.10.13"]
[SourceVersion "1"]
[SourceVersionDate "2017.10.13"]
[SourceQuality "1"]

1. d4 g6 2. c4 Bg7 3. e4 Nc6 4. Nf3 e5 5. d5 Nd4 6. Nxd4 exd4 7. Bd3 d6 8. O-O Nf6 9. h3 O-O 10. Re1 Nd7 11. Nd2 Ne5 12. Nf3 c5 13. dxc6 Nxc6 14. a3 a5 15. b3 h6 16. Bb2 Qb6 17. Rb1 Be6 18. Bf1 a4 19. b4 Ne5 20. Nxe5 dxe5 21. Bd3 f5 22. Rc1 Qd8 23. f4 exf4 24. exf5 Bxf5 25. Bxf5 Rxf5 26. Re4 f3 27. Bxd4 Qg5 28. Rc2 Rd8 29. h4 Bxd4+ 30. Kh1 Qf6 31. gxf3 Rxf3 32. Kg2 0-1

[Event "CAN-op"]
[Site "Sault Ste Marie CAN"]
[Date "2017.07.09"]
[Round "2.1"]
[White "Mulyar, Michael"]
[Black "Vovk, Andrey"]
[Result "0-1"]
[WhiteElo "2395"]
[BlackElo "2630"]
[WhiteFideId "-1"]
[WhiteFideId "-1"]
[PlyCount "96"]
[GameId "2160767908347902"]
[EventDate "2017.07.08"]
[EventType "swiss"]
[EventRounds "9"]
[EventCountry "CAN"]
[SourceTitle "hb 2017"]

1. d4 Nf6 2. Nf3 g6 3. c4 Bg7 4. g3 O-O 5. Bg2 d6 6. O-O Nc6 7. Nc3 a6 8. d5 Na5 9. b3 c5 10. dxc6 Nxc6 11. Bb2 Qa5 12. Qc1 Be6 13. Qg5 Qb4 14. Nd5 Bxd5 15. cxd5 h6 16. Qd2 Qxd2 17. Nxd2 Nb4 18. Nc4 Rac8 19. a3 Nbxd5 20. Bxf6 Nxf6 21. Bxb7 Rc7 22. Bf3 d5 23. Nb6 Rb8 24. Na4 Rxb3 25. Rfb1 Rb5 26. Rxb5 axb5 27. Nb6 e6 28. Rb1 Rb7 29. Nc4 Bf8 30. Na5 Rc7 31. Rxb5 Bxa3 32. h4 g5 33. hxg5 hxg5 34. g4 Kg7 35. Kg2 Rc2 36. Rb3 Bd6 37. Nb7 Be7 38. Rb5 Rc4 39. Kh3 Kg6 40. e3 Rc2 41. Kg2 Kh6 42. Rb6 Nd7 43. Ra6 Kg7 44. Kf1 Rb2 45. Na5 Ne5 46. Be2 Rb1+ 47. Kg2 Re1 48. Bf3 Nxf3 0-1

[Event "CAN-op"]
[Site "Sault Ste Marie CAN"]
[Date "2017.07.09"]
[Round "2.2"]
[White "Lenderman, Aleksandr"]
[Black "Ragnarsson, Dagur"]
[Result "1-0"]
[WhiteElo "2585"]
[BlackElo "2355"]
[WhiteFideId "-1"]
[WhiteFideId "-1"]
[PlyCount "53"]
[GameId "2160767908347903"]
[EventDate "2017.07.08"]
[EventType "swiss"]
[EventRounds "9"]
[EventCountry "CAN"]
[SourceTitle "hb 2017"]

1. c4 e5 2. g3 Nf6 3. Bg2 c6 4. d4 e4 5. Nh3 d5 6. cxd5 cxd5 7. O-O Bd6 8. Nc3 Nbd7 9. Qb3 Nb6 10. a4 Be6 11. Nf4 O-O 12. Nxe6 fxe6 13. a5 Nc4 14. Bh3 Re8 15. Nb5 Bb8 16. a6 Qb6 17. Qa4 Nd6 18. Nc3 bxa6 19. Qxa6 Bc7 20. Bf4 Nf5 21. Qxb6 Bxb6 22. e3 Kf7 23. Ra6 Bxd4 24. exd4 Nxd4 25. Kg2 Nf3 26. Nb5 Re7 27. Bd6 1-0

[Event "CAN-op"]
[Site "Sault Ste Marie CAN"]
[Date "2017.07.09"]
[Round "2.8"]
[White "Henry, Liam"]
[Black "Tarjan, James"]
[Result "0-1"]
[WhiteElo "2082"]
[BlackElo "2408"]
[WhiteFideId "-1"]
[WhiteFideId "-1"]
[PlyCount "50"]
[GameId "2160767908343812"]
[EventDate "2017.07.08"]
[EventType "swiss"]
[EventRounds "9"]
[EventCountry "CAN"]
[SourceTitle "hb 2017"]

1. e4 e5 2. Nf3 Nc6 3. Bb5 a6 4. Bxc6 dxc6 5. O-O f6 6. d4 Bg4 7. dxe5 Qxd1 8. Rxd1 fxe5 9. Rd3 Bd6 10. Nbd2 b5 11. b3 Nf6 12. Bb2 Nd7 13. Rc3 c5 14. a4 O-O 15. h3 Bh5 16. g4 Bg6 17. Nh4 c4 18. Nxg6 hxg6 19. bxc4 Bb4 20. Rd3 Nc5 21. Rd5 c6 22. Rxe5 Nxa4 23. c3 Bd6 24. Re6 Rad8 25. Bc1 Kf7 0-1

[Event "CAN-op"]
[Site "Sault Ste Marie CAN"]
[Date "2017.07.09"]
[Round "2.9"]
[White "Shi, Diwen"]
[Black "Fradkin, Benjamin"]
[Result "1-0"]
[WhiteElo "2293"]
[BlackElo "1868"]
[WhiteFideId "-1"]
[WhiteFideId "-1"]
[PlyCount "77"]
[GameId "2160767908343813"]
[EventDate "2017.07.08"]
[EventType "swiss"]
[EventRounds "9"]
[EventCountry "CAN"]
[SourceTitle "hb 2017"]

1. e4 c6 2. d4 d5 3. e5 Bf5 4. Nf3 e6 5. Be2 Nd7 6. O-O h5 7. Be3 Be7 8. Ne1 h4 9. h3 Nh6 10. Nd2 Bg5 11. Bxg5 Qxg5 12. Ndf3 Qe7 13. Qd2 Rg8 14. b4 g5 15. b5 c5 16. c4 dxc4 17. Rc1 cxd4 18. Rxc4 Nb6 19. Rxd4 Nd5 20. Bc4 Nb6 21. Bb3 Rg6 22. Nh2 Rd8 23. Nef3 Rxd4 24. Qxd4 g4 25. hxg4 Nxg4 26. Rd1 Nxh2 27. Kxh2 Bg4 28. Qe4 Bxf3 29. Qxf3 Qg5 30. Qe4 Kf8 31. Rd3 Kg7 32. a4 Rh6 33. f4 Qe7 34. f5 exf5 35. Qxf5 Rg6 36. a5 h3 37. Rxh3 Nd7 38. Bxf7 Qxf7 39. Rh7+ 1-0

[Event "CAN-op"]
[Site "Sault Ste Marie CAN"]
[Date "2017.07.09"]
[Round "2.12"]
[White "Hua, Eugene"]
[Black "Mills, Morgon"]
[Result "1-0"]
[WhiteElo "2251"]
[BlackElo "2011"]
[WhiteFideId "-1"]
[WhiteFideId "-1"]
[PlyCount "91"]
[GameId "2160767908343816"]
[EventDate "2017.07.08"]
[EventType "swiss"]
[EventRounds "9"]
[EventCountry "CAN"]
[SourceTitle "hb 2017"]

1. c4 b6 2. Nc3 Bb7 3. e4 e6 4. Nge2 Nf6 5. e5 Ng8 6. d4 d6 7. exd6 Bxd6 8. Nf4 Ne7 9. c5 bxc5 10. dxc5 Bxc5 11. Qxd8+ Kxd8 12. Bc4 Ng6 13. O-O Bd6 14. Nd3 Nd7 15. Be3 Ke7 16. Rfe1 Rhe8 17. Rac1 Kf8 18. Bb5 c6 19. Ne4 Be7 20. Bxc6 Bxc6 21. Rxc6 Nde5 22. Nxe5 Nxe5 23. Rc7 Nd3 24. Rd1 Nxb2 25. Rb1 Rab8 26. Bxa7 Rbc8 27. Rbc1 Rxc7 28. Rxc7 Nd3 29. a4 f5 30. Nc3 Bb4 31. Nb5 Re7 32. Rc4 Rd7 33. g3 Ba5 34. Be3 Nb2 35. Rc6 Bb4 36. Nd4 e5 37. Rc8+ Kf7 38. Nc6 Nd3 39. a5 f4 40. gxf4 exf4 41. Bb6 f3 42. a6 Kf6 43. Bd4+ Kg6 44. a7 Rd5 45. a8=Q Rg5+ 46. Kf1 1-0

[Event "CAN-op"]
[Site "Sault Ste Marie CAN"]
[Date "2017.07.09"]
[Round "2.14"]
[White "Kiviaho, Robert"]
[Black "Wiebe, Daniel"]
[Result "0-1"]
[WhiteElo "2141"]
[BlackElo "1939"]
[WhiteFideId "-1"]
[WhiteFideId "-1"]
[PlyCount "112"]
[GameId "2160767908343817"]
[EventDate "2017.07.08"]
[EventType "swiss"]
[EventRounds "9"]
[EventCountry "CAN"]
[SourceTitle "hb 2017"]

1. e4 c5 2. Nf3 d6 3. d4 cxd4 4. Nxd4 Nf6 5. Nc3 a6 6. Bg5 e6 7. f4 Be7 8. Qf3 Qc7 9. O-O-O Nbd7 10. Bd3 h6 11. Bh4 g5 12. fxg5 Ne5 13. Qe2 Nfg4 14. Nf3 hxg5 15. Bxg5 Bxg5+ 16. Nxg5 Qc5 17. Nh3 Bd7 18. Rdf1 Qe3+ 19. Qxe3 Nxe3 20. Rf2 Ke7 21. Bf1 Rag8 22. Kd2 Nxf1+ 23. Rhxf1 Rg7 24. Re2 b5 25. a3 a5 26. Rh1 Rh4 27. b4 Nc4+ 28. Ke1 Nxa3 29. bxa5 b4 30. Na2 Bb5 31. Rd2 Rxe4+ 32. Kf2 Nc4 33. Rdd1 Nxa5 34. Rhe1 Rh4 35. Re3 Bc6 36. Rg3 Rxg3 37. Kxg3 Rc4 38. Rd2 Ba4 39. Nf4 Nc6 40. Nd3 Bxc2 41. Naxb4 Nxb4 42. Nxb4 Bg6 43. Rb2 d5 44. Kf2 Kd6 45. Ke2 e5 46. Nd3 Bxd3+ 47. Kxd3 e4+ 48. Ke2 Ke5 49. g3 f5 50. h4 f4 51. gxf4+ Kxf4 52. h5 d4 53. h6 Rc6 54. Rb4 d3+ 55. Kd2 Rxh6 56. Rb8 Rh2+ 0-1

[Event "CAN-op"]
[Site "Sault Ste Marie CAN"]
[Date "2017.07.09"]
[Round "2.15"]
[White "Zhang, Henry"]
[Black "Munro, Allan"]
[Result "0-1"]
[WhiteElo "1914"]
[BlackElo "2083"]
[WhiteFideId "-1"]
[WhiteFideId "-1"]
[PlyCount "128"]
[GameId "2160767908343818"]
[EventDate "2017.07.08"]
[EventType "swiss"]
[EventRounds "9"]
[EventCountry "CAN"]
[SourceTitle "hb 2017"]

1. e4 e5 2. Nf3 Nc6 3. Bc4 Nf6 4. d3 Be7 5. O-O O-O 6. Nbd2 d6 7. c3 Na5 8. Bb5 a6 9. Ba4 b5 10. Bc2 c5 11. Re1 Nc6 12. Nf1 Re8 13. d4 exd4 14. cxd4 Bg4 15. dxc5 dxc5 16. h3 Qxd1 17. Bxd1 Bxf3 18. Bxf3 Nd4 19. e5 Nxf3+ 20. gxf3 Nd5 21. Be3 Nb4 22. Red1 Red8 23. Rd2 Rxd2 24. Nxd2 Nd3 25. b3 Nxe5 26. Rc1 f5 27. Rc3 Nd7 28. Kg2 Kf7 29. Rc2 Re8 30. Nf1 Bd6 31. Ng3 g6 32. Ne2 Nf6 33. Nc1 Rc8 34. Ne2 Nd5 35. Rd2 Ke6 36. f4 Be7 37. Kf3 Bf6 38. Rc2 Nxe3 39. fxe3 Kd6 40. e4 fxe4+ 41. Kxe4 Re8+ 42. Kf3 Kc6 43. Ng3 Kb6 44. Ne4 Be7 45. Re2 Rf8 46. Nc3 Bd6 47. Nd5+ Kc6 48. Ne7+ Kd7 49. Nd5 g5 50. Re4 gxf4 51. Nxf4 Bxf4 52. Rxf4 Rxf4+ 53. Kxf4 Kd6 54. Ke4 Ke6 55. a3 a5 56. h4 h5 57. a4 bxa4 58. bxa4 Kd6 59. Kd3 Kd5 60. Kc3 c4 61. Kc2 Kd4 62. Kd2 c3+ 63. Kc2 Kc4 64. Kc1 Kb3 0-1

[Event "CAN-op"]
[Site "Sault Ste Marie CAN"]
[Date "2017.07.10"]
[Round "3"]
[White "Dougherty, Michael"]
[Black "Mulyar, Michael"]
[Result "1/2-1/2"]
[WhiteElo "2204"]
[BlackElo "2395"]
[WhiteFideId "-1"]
[WhiteFideId "-1"]
[PlyCount "120"]
[GameId "2160767908343819"]
[EventDate "2017.07.08"]
[EventType "swiss"]
[EventRounds "9"]
[EventCountry "CAN"]
[SourceTitle "EXT 2018"]
[Source "ChessBase"]
[SourceDate "2017.10.13"]
[SourceVersion "1"]
[SourceVersionDate "2017.10.13"]
[SourceQuality "1"]

1. d4 d5 2. c4 c6 3. Nc3 Nf6 4. cxd5 cxd5 5. Bf4 Nc6 6. e3 Bf5 7. Nf3 e6 8. Bb5 Nd7 9. O-O Be7 10. h3 O-O 11. Rc1 Rc8 12. a3 a6 13. Bd3 Bxd3 14. Qxd3 Nb6 15. Nd2 Na5 16. e4 dxe4 17. Ncxe4 Nd5 18. Bg3 Nf6 19. b4 Nc6 20. Nf3 Nxe4 21. Qxe4 Qd7 22. Ne5 Nxe5 23. dxe5 Rxc1 24. Rxc1 Rc8 25. Rxc8+ Qxc8 26. Bf4 h6 27. Be3 Qd7 28. Bc5 Bxc5 29. bxc5 Qd1+ 30. Kh2 Qb3 31. a4 Qb2 32. f4 a5 33. c6 bxc6 34. Qxc6 Qb4 35. Qe8+ Kh7 36. Qxf7 Qxa4 37. h4 Qe4 38. Qxe6 Qxf4+ 39. g3 Qf2+ 40. Kh3 Qf1+ 41. Kh2 Qe2+ 42. Kh3 Qe4 43. Qd6 a4 44. e6 Qh1+ 45. Kg4 Qe4+ 46. Kh3 h5 47. Kh2 Qe2+ 48. Kh3 Qf3 49. Kh2 Qf2+ 50. Kh3 Qf1+ 51. Kh2 Qf2+ 52. Kh3 Qg1 53. Qd3+ Kh6 54. Qd2+ Kh7 55. Qd3+ g6 56. Qd7+ Kh6 57. Qd2+ Kg7 58. Qc3+ Kg8 59. Qc8+ Kg7 60. Qc3+ Kg8 1/2-1/2

[Event "CAN-op"]
[Site "Sault Ste Marie CAN"]
[Date "2017.07.10"]
[Round "3"]
[White "Perez Garcia, Rodney Oscar"]
[Black "Munro, Allan"]
[Result "1-0"]
[WhiteElo "2299"]
[BlackElo "2083"]
[WhiteFideId "-1"]
[WhiteFideId "-1"]
[PlyCount "55"]
[GameId "2160767908343820"]
[EventDate "2017.07.08"]
[EventType "swiss"]
[EventRounds "9"]
[EventCountry "CAN"]
[SourceTitle "EXT 2018"]
[Source "ChessBase"]
[SourceDate "2017.10.13"]
[SourceVersion "1"]
[SourceVersionDate "2017.10.13"]
[SourceQuality "1"]

1. e4 e5 2. Nf3 Nc6 3. Bc4 Nf6 4. d3 Be7 5. O-O O-O 6. Re1 d6 7. a4 Na5 8. Ba2 c5 9. Nc3 Nc6 10. h3 h6 11. Ne2 Re8 12. Ng3 Bf8 13. c3 Be6 14. Nh2 Bxa2 15. Rxa2 d5 16. Qf3 dxe4 17. dxe4 c4 18. Rd1 Qe7 19. Nf5 Qe6 20. Ng4 Nxg4 21. Qxg4 Kh7 22. Rd6 Qc8 23. Bxh6 f6 24. Bxg7 Bxd6 25. Qh5+ Kg8 26. Nxd6 Kxg7 27. Qf7+ Kh8 28. Qxf6+ 1-0